Spôsoby merania úverového rizika, úerový proces a jeho priebeh bakalárska práca

Salvato in:
Dettagli Bibliografici
Autore principale: Boronkayová, Martina
Ente Autore: Národohospodárska fakulta EU. Katedra bankovníctva a medzinárodných financií
Altri autori: Žoldáková, Natália, 1985-
Natura: Libro
Lingua:slovacco
Pubblicazione: Bratislava 2012
Tags: Aggiungi Tag
Nessun Tag, puoi essere il primo ad aggiungerne!!

MARC

LEADER 00000nbm a2200000 4500
001 0155971
005 20161109111929.4
041 0 |a slo 
044 |a SK 
245 1 0 |a Spôsoby merania úverového rizika, úerový proces a jeho priebeh  |b bakalárska práca  |c Martina Boronkayová ; školiteľ: Natália Žoldáková 
264 1 |a Bratislava  |c 2012 
300 |a 51 s. 
100 1 |a Boronkayová, Martina 
700 1 |a Žoldáková, Natália, 1985- 
710 2 |a Národohospodárska fakulta EU. Katedra bankovníctva a medzinárodných financií